সাংস্কৃতিক ভূগোল / (Record no. 27387)

MARC details
000 -LEADER
fixed length control field 00750nam a22001937a 4500
003 - CONTROL NUMBER IDENTIFIER
control field BDDh-ASL
005 - DATE AND TIME OF LATEST TRANSACTION
control field 20231015030748.0
008 - FIXED-LENGTH DATA ELEMENTS--GENERAL INFORMATION
fixed length control field 211102s1982 b ||||| |||| 00| 0 b d
040 ## - CATALOGING SOURCE
Transcribing agency BDDh-ASL
082 ## - DEWEY DECIMAL CLASSIFICATION NUMBER
Classification number 910
Item number RAS
100 1# - MAIN ENTRY--PERSONAL NAME
9 (RLIN) 5599
Personal name রশীদ, কে. বি. সাজ্জাদুর
Titles and words associated with a name ডক্টর
245 10 - TITLE STATEMENT
Title সাংস্কৃতিক ভূগোল /
246 ## - VARYING FORM OF TITLE
Title proper/short title ‍Sanskritik Bhugal
260 ## - PUBLICATION, DISTRIBUTION, ETC.
Place of publication, distribution, etc. ঢাকা:
Name of publisher, distributor, etc. বাংলা একাডেমি,
Date of publication, distribution, etc. ১৯৮২।
300 ## - PHYSICAL DESCRIPTION
Extent ১৪২ পৃষ্ঠা, :
Dimensions ২২ সে. মি.
504 ## - BIBLIOGRAPHY, ETC. NOTE
Bibliography, etc. note গ্রন্থপঞ্জি সংযুক্ত ।
650 #0 - SUBJECT ADDED ENTRY--TOPICAL TERM
9 (RLIN) 5601
Topical term or geographic name entry element Geography (ভূগোল)
General subdivision সংস্কৃতি
942 ## - ADDED ENTRY ELEMENTS (KOHA)
Source of classification or shelving scheme Dewey Decimal Classification
Koha item type Books
Holdings
Withdrawn status Lost status Source of classification or shelving scheme Damaged status Not for loan Collection code Home library Current library Shelving location Date acquired Source of acquisition Total Checkouts Full call number Barcode Date last seen Copy number Price effective from Koha item type
    Dewey Decimal Classification     Non-fiction Asiatic Society Library Asiatic Society Library General Stacks 11/02/2021 Donated by A.K.M. Azizul Haque and Prof. Husniara Huq   910 RAS 113489 11/02/2021 C-1 11/02/2021 Books

Powered by Koha